01837cam a2200337 i 45000010009000000050017000090080041000260100017000670200042000840200042001260350013001680400028001810420008002090500025002170820016002421000028002582450117002862640055004033000045004583360026005033370028005293380027005574900022005845040067006065050487006736500057011606500050012176500045012676510039013127760148013512029007420260507145842.0180118s2018 waua b 001 0 eng  a 2018002613 a9780295743820qhardcover : alk. paper a9780295743844qhardcover : alk. paper a20290074 aDLCbengcDLCerdadDLC apcc00aDS432.S965bT47 201800a305.6812231 aThomas, Sonja,eauthor.10aPrivileged minorities :bSyrian Christianity, gender, and minority rights in postcolonial India /cSonja Thomas. 1aSeattle :bUniversity of Washington Press,c[2018] aix, 210 pages :billustrations ;c23 cm. atextbtxt2rdacontent aunmediatedbn2rdamedia avolumebnc2rdacarrier0 aGlobal South Asia aIncludes bibliographical references (pages 185-200) and index.0 aSyrian Christians and "God's Own Country" -- Clothes Reading: Communal and Secular Clothing "Choices" and Women's Mobility in Kerala -- Aryans and Dravidians: Syrian Christian Mythistories and Intersectional Racialized Oppression -- Who Are the Minorities?: Gender, Minority Rights Protesting, and the 1959 Liberation Struggle -- A Life without Religion: Textbooks, Morality, and Protesting across Religious Divides -- Conclusion: Postsecular Feminisms and the Charismatic Movement. 0aSyriac ChristianszIndiazKeralaxSocial conditions. 0aMinoritieszIndiazKeralaxSocial conditions. 0aWomenzIndiazKeralaxSocial conditions. 0aKerala (India)xSocial conditions.08iOnline version:aThomas, Sonja, author.tPrivileged minoritiesdSeattle : University of Washington Press, 2018z9780295743837w(DLC) 2018004513